Größte deutsche Städte mit vier Silben - Statistiken

Allgemein
  • Dieses Quiz wurde 64 mal gespielt
  • Das Durchschnittsergebnis liegt bei 10 aus 17
Antwortstatistiken
Einwohner Buchstabe Antwort % Korrekt
267.930 G Gelsenkirchen
89%
267.213 M Mönchengladbach
89%
213.646 O Oberhausen
88%
177.222 L Ludwigshafen am Rhein
77%
100.426 K Kaiserslautern
75%
168.581 L Leverkusen
71%
73.091 A Aschaffenburg
63%
115.344 R Recklinghausen
63%
118.610 B Bremerhaven
59%
62.796 F Friedrichshafen
48%
73.282 C Castrop-Rauxel
46%
111.361 B Bergisch Gladbach
43%
56.881 B Baden-Baden
36%
75.745 W Wilhelmshaven
36%
61.422 S Sindelfingen
27%
75.402 D Dessau-Roßlau
25%
60.344 N Neubrandenburg
21%
Keine übereinstimmenden Quizze gefunden
Verteilung der Resultate
Anzahl Personen mit jedem Resultat
Perzentil nach korrekt beantworteten Fragen
Ihre Resultats-Entwicklung
Sie haben dieses Quiz noch nicht gespielt